000 00445nam a2200145Ia 4500
008 230917s9999||||xx |||||||||||||| ||und||
040 _e167512
_aMAIN
041 _aEnglish
082 _a891.4317109 SK64:SS
100 _aशेरपाल सिंह
245 0 _aकेदारनाथ सिंह का काव्य लोक
260 _aकानपुर
_bविद्या
_c2005
300 _a184 पृ. p.
942 _cHN
999 _c131556
_d131556